Propuesta de sintetización del sistema de control de alarmas de incendio y ventilación para el edificio A de Global Business Services de Costa Rica Ltda
Shranjeno v:
| Glavni avtor: | |
|---|---|
| Format: | Knjiga |
| Izdano: |
[San José, Costa Rica]
2002
|
| Teme: | |
| Oznake: |
Označite
Brez oznak, prvi označite!
|
MARC
| LEADER | 00000nam a2200000Ia 4500 | ||
|---|---|---|---|
| 003 | 009078 | ||
| 005 | 20221231144054.0 | ||
| 008 | 140114s2002 cr a 000 ||s d | ||
| 040 | |c cru CEDI | ||
| 090 | |a TFG 4632 | ||
| 100 | |a Lavagni Bolaños, Frank |9 4080 | ||
| 245 | |a Propuesta de sintetización del sistema de control de alarmas de incendio y ventilación para el edificio A de Global Business Services de Costa Rica Ltda | ||
| 260 | |c 2002 |b [San José, Costa Rica] | ||
| 300 | |a vii, 29, [38] hojas; ilustraciones | ||
| 500 | |a Proyecto de graduación (bachillerato en ingeniería eléctrica)--Universidad de Costa Rica. Facultad de Ingeniería. Escuela de Ingeniería Eléctrica | ||
| 650 | |x SISTEMAS ELECTRONICOS DE ALARMA |x ALARMAS DE INCENDIO |x SISTEMAS DE CONTROL |9 4081 | ||
| 942 | |c TFG | ||
| 999 | |c 16475 |d 16475 | ||
